| 000 | 01548nam a22003497a 4500 | ||
|---|---|---|---|
| 003 | OSt | ||
| 005 | 20230817134138.0 | ||
| 008 | 221006b |||||||| |||| 00| 0 eng d | ||
| 040 | _cBiblioteca Lado V | ||
| 082 |
_a305 _bM953m |
||
| 130 |
_9949 _aMujer/Fempress _lspa |
||
| 245 |
_aMujer/Fempress/ _bRed de comunicación alternativa de la mujer/ |
||
| 260 |
_bFEMPRESS _c1999 _aChile |
||
| 300 |
_c22x31cm _a29p. |
||
| 490 |
_v1999 _a208 |
||
| 505 |
_aAborto, parlamentos latinoamericanos se pronuncian
Un plan para el nuevo milenio _tCOLOMBIA |
||
| 505 |
_aMutilaciones sexuales
Sado - Rituales _tCOSTA RICA |
||
| 505 |
_a1999: Pobreza en auge
Sexismo espectacular
_tMEXICO |
||
| 505 |
_aSufragio femenino a 50 años del voto
Kenizé Mourad la hija de la princesa muerta _tCHILE |
||
| 505 |
_aUna temporada teñida de violencia _tPUERTO RICO |
||
| 505 |
_aCierran campaña por los derechos humanos de las mujeres
Velas contra la violencia en el congreso _tECUADOR |
||
| 505 |
_aAborto, con la ley tampoco _tARGENTINA |
||
| 505 |
_aLa economía de las inmigrantes _tAMERICA LATINA |
||
| 505 |
_aSer discapacitada y profesional _tPERÚ |
||
| 505 | _aCOMUNICANDONOS | ||
| 650 |
_2Tesauro de Arte & Arquitectura _aMUJER _9703 |
||
| 650 |
_2Tesauro de Arte & Arquitectura _aCOMUNICACIÓN |
||
| 650 |
_2Tesauro de Arte & Arquitectura _aRED FEMENINA |
||
| 650 |
_2Tesauro de Arte & Arquitectura _aCULTURA |
||
| 651 |
_2Tesauro de Arte & Arquitectura _aINTERNACIONAL |
||
| 942 |
_2ddc _c1 _h305 _iM953m _n0 |
||
| 999 |
_c4165 _d4165 |
||